| 000 | 00379nam a22001457a 4500 | ||
|---|---|---|---|
| 020 | _a9781848549258 | ||
| 040 | _cNUST | ||
| 082 |
_221st. _a158.1 _bKEL |
||
| 100 |
_aKeller, Gary _9129315 |
||
| 245 |
_aThe One Thing / _c Gary, Keller |
||
| 260 |
_aLondon: _bJohn Murray (Publisher) _c2013 |
||
| 300 |
_a240p. : _c22cm. |
||
| 440 |
_aThe One Thing / _9129346 |
||
| 942 |
_2ddc _cBK |
||
| 999 |
_c614020 _d614020 |
||